[Slovník veřejných financí]

Recenzia na publikáciu kol. autorov pod vedením J. Šelešovského a E. Bakoša : Slovník veřejných financí, ktorý vyšiel na Katedre verejnej ekonómie Ekonomicko-správnej fakulty Masarykovej univerzity v Brne. V abecednom poradí zostavený slovník terminológie verejných financí. Autori podávajú výklad 20...

Descripción completa

Guardado en:
Detalles Bibliográficos
Autor principal: Beličková, Kornélia, 1966-
Formato: Capítulo de libro
Lenguaje:eslovaco
Materias:
Etiquetas: Agregar Etiqueta
Sin Etiquetas, Sea el primero en etiquetar este registro!

MARC

LEADER 00000naa$a2200000$$$4500
001 0028333
005 20240502071430.4
041 0 |a slo 
044 |a SK 
245 1 0 |a [Slovník veřejných financí]  |c Kornélia Beličková 
520 |a Recenzia na publikáciu kol. autorov pod vedením J. Šelešovského a E. Bakoša : Slovník veřejných financí, ktorý vyšiel na Katedre verejnej ekonómie Ekonomicko-správnej fakulty Masarykovej univerzity v Brne. V abecednom poradí zostavený slovník terminológie verejných financí. Autori podávajú výklad 203 najpoužívanejších pojmov, s ktorými sa stretávame aj na Slovensku. Slovník slúži ako výzva pre slovenských odborníkov zaoberajúcich sa problematikou verejných financí, aby rovnako napísali slovník verejných financií pre slovenskú verejnosť. 
610 2 0 |a recenzie 
610 2 0 |a slovníky 
610 2 0 |a financie verejné 
610 2 0 |a terminológia 
610 2 0 |a pojmy 
100 1 |a Beličková, Kornélia, 1966-